<?xml version="1.0" encoding="UTF-8"?>
<record
    xmlns:xsi="http://www.w3.org/2001/XMLSchema-instance"
    xsi:schemaLocation="http://www.loc.gov/MARC21/slim http://www.loc.gov/standards/marcxml/schema/MARC21slim.xsd"
    xmlns="http://www.loc.gov/MARC21/slim">

  <leader>00624nam a22001577a 4500</leader>
  <controlfield tag="003">OSt</controlfield>
  <controlfield tag="005">20150910140116.0</controlfield>
  <controlfield tag="008">150910b        xxu||||| |||| 00| 0 eng d</controlfield>
  <datafield tag="040" ind1=" " ind2=" ">
    <subfield code="c">RUA</subfield>
  </datafield>
  <datafield tag="082" ind1=" " ind2=" ">
    <subfield code="a">AGR &#x1798;&#x17B6;&#x1793; 1995 B013 Or.1</subfield>
  </datafield>
  <datafield tag="100" ind1=" " ind2=" ">
    <subfield code="9">234</subfield>
    <subfield code="a">&#x1798;&#x17B6;&#x1793; &#x200B;&#x1785;&#x17C1;&#x178F;&#x1793;&#x17B6;</subfield>
  </datafield>
  <datafield tag="245" ind1=" " ind2=" ">
    <subfield code="a">&#x1780;&#x17B6;&#x179A;&#x179F;&#x17D2;&#x1791;&#x17B6;&#x1794;&#x179F;&#x17D2;&#x1791;&#x1784;&#x17CB;&#x17A2;&#x17C6;&#x1796;&#x17B8;&#x1790;&#x17D2;&#x1793;&#x17B6;&#x17C6;&#x1796;&#x17BB;&#x179B;&#x1780;&#x179F;&#x17B7;&#x1780;&#x1798;&#x17D2;&#x1798;&#x1793;&#x17B7;&#x1784;&#x1791;&#x17C6;&#x179B;&#x17B6;&#x1794;&#x17CB;&#x1793;&#x17C3;&#x1780;&#x17B6;&#x179A;&#x1794;&#x17D2;&#x179A;&#x17BE;&#x1794;&#x17D2;&#x179A;&#x17B6;&#x179F;&#x17CB;&#x179A;&#x1794;&#x179F;&#x17CB;&#x1780;&#x179F;&#x17B7;&#x1780;&#x179A;&#x1781;&#x17C1;&#x178F;&#x17D2;&#x178F;&#x1794;&#x1793;&#x17D2;&#x1791;&#x17B6;&#x1799;&#x1798;&#x17B6;&#x1793;&#x1787;&#x17D0;&#x1799;</subfield>
  </datafield>
  <datafield tag="260" ind1=" " ind2=" ">
    <subfield code="a">Phnom Penh</subfield>
    <subfield code="b">RUA</subfield>
    <subfield code="c">1995</subfield>
  </datafield>
  <datafield tag="300" ind1=" " ind2=" ">
    <subfield code="a">52p.</subfield>
    <subfield code="b">ill.</subfield>
    <subfield code="c">29cm.</subfield>
  </datafield>
  <datafield tag="942" ind1=" " ind2=" ">
    <subfield code="2">ddc</subfield>
    <subfield code="c">AGR</subfield>
  </datafield>
  <datafield tag="999" ind1=" " ind2=" ">
    <subfield code="c">219</subfield>
    <subfield code="d">219</subfield>
  </datafield>
  <datafield tag="952" ind1=" " ind2=" ">
    <subfield code="0">0</subfield>
    <subfield code="1">0</subfield>
    <subfield code="2">ddc</subfield>
    <subfield code="4">0</subfield>
    <subfield code="6">AGR_&#x1798;&#x17B6;&#x1793;_1995_000000000000000_B013_OR_1</subfield>
    <subfield code="7">0</subfield>
    <subfield code="9">926</subfield>
    <subfield code="a">LBB</subfield>
    <subfield code="b">LBB</subfield>
    <subfield code="c">B013</subfield>
    <subfield code="d">2015-09-10</subfield>
    <subfield code="l">1</subfield>
    <subfield code="o">AGR &#x1798;&#x17B6;&#x1793; 1995 B013 Or.1</subfield>
    <subfield code="p">RUA004465</subfield>
    <subfield code="r">2023-11-20</subfield>
    <subfield code="s">2023-10-25</subfield>
    <subfield code="w">2015-09-10</subfield>
    <subfield code="y">AGR</subfield>
  </datafield>
  <datafield tag="952" ind1=" " ind2=" ">
    <subfield code="0">0</subfield>
    <subfield code="1">0</subfield>
    <subfield code="2">ddc</subfield>
    <subfield code="4">0</subfield>
    <subfield code="6">AGR_&#x1798;&#x17B6;&#x1793;_1995_000000000000000_B013_OR_2</subfield>
    <subfield code="7">0</subfield>
    <subfield code="9">927</subfield>
    <subfield code="a">LBB</subfield>
    <subfield code="b">LBB</subfield>
    <subfield code="c">B013</subfield>
    <subfield code="d">2015-09-10</subfield>
    <subfield code="o">AGR &#x1798;&#x17B6;&#x1793; 1995 B013 Or.2</subfield>
    <subfield code="p">RUA003477</subfield>
    <subfield code="r">2015-09-10</subfield>
    <subfield code="w">2015-09-10</subfield>
    <subfield code="y">AGR</subfield>
  </datafield>
  <datafield tag="952" ind1=" " ind2=" ">
    <subfield code="0">0</subfield>
    <subfield code="1">0</subfield>
    <subfield code="2">ddc</subfield>
    <subfield code="4">0</subfield>
    <subfield code="6">AGR_&#x1798;&#x17B6;&#x1793;_1995_000000000000000_B013_OR_3</subfield>
    <subfield code="7">0</subfield>
    <subfield code="9">928</subfield>
    <subfield code="a">LBB</subfield>
    <subfield code="b">LBB</subfield>
    <subfield code="c">B013</subfield>
    <subfield code="d">2015-09-10</subfield>
    <subfield code="o">AGR &#x1798;&#x17B6;&#x1793; 1995 B013 Or.3</subfield>
    <subfield code="p">RUA003549</subfield>
    <subfield code="r">2015-09-10</subfield>
    <subfield code="w">2015-09-10</subfield>
    <subfield code="y">AGR</subfield>
  </datafield>
  <datafield tag="952" ind1=" " ind2=" ">
    <subfield code="0">0</subfield>
    <subfield code="1">0</subfield>
    <subfield code="2">ddc</subfield>
    <subfield code="4">0</subfield>
    <subfield code="6">AGR_&#x1798;&#x17B6;&#x1793;_1995_000000000000000_B013_OR_4</subfield>
    <subfield code="7">0</subfield>
    <subfield code="9">929</subfield>
    <subfield code="a">LBB</subfield>
    <subfield code="b">LBB</subfield>
    <subfield code="c">B013</subfield>
    <subfield code="d">2015-09-10</subfield>
    <subfield code="o">AGR &#x1798;&#x17B6;&#x1793; 1995 B013 Or.4</subfield>
    <subfield code="p">RUA003457</subfield>
    <subfield code="r">2015-09-10</subfield>
    <subfield code="w">2015-09-10</subfield>
    <subfield code="y">AGR</subfield>
  </datafield>
  <datafield tag="952" ind1=" " ind2=" ">
    <subfield code="0">0</subfield>
    <subfield code="1">0</subfield>
    <subfield code="2">ddc</subfield>
    <subfield code="4">0</subfield>
    <subfield code="6">AGR_&#x1798;&#x17B6;&#x1793;_1995_000000000000000_B013_OR_5</subfield>
    <subfield code="7">0</subfield>
    <subfield code="9">930</subfield>
    <subfield code="a">LBB</subfield>
    <subfield code="b">LBB</subfield>
    <subfield code="c">B013</subfield>
    <subfield code="d">2015-09-10</subfield>
    <subfield code="o">AGR &#x1798;&#x17B6;&#x1793; 1995 B013 Or.5</subfield>
    <subfield code="p">RUA003183</subfield>
    <subfield code="r">2015-09-10</subfield>
    <subfield code="w">2015-09-10</subfield>
    <subfield code="y">AGR</subfield>
  </datafield>
  <datafield tag="952" ind1=" " ind2=" ">
    <subfield code="0">0</subfield>
    <subfield code="1">0</subfield>
    <subfield code="2">ddc</subfield>
    <subfield code="4">0</subfield>
    <subfield code="6">AGR_&#x1798;&#x17B6;&#x1793;_1995_000000000000000_B013_OR_6</subfield>
    <subfield code="7">0</subfield>
    <subfield code="9">931</subfield>
    <subfield code="a">LBB</subfield>
    <subfield code="b">LBB</subfield>
    <subfield code="c">B013</subfield>
    <subfield code="d">2015-09-10</subfield>
    <subfield code="o">AGR &#x1798;&#x17B6;&#x1793; 1995 B013 Or.6</subfield>
    <subfield code="p">RUA003255</subfield>
    <subfield code="r">2015-09-10</subfield>
    <subfield code="w">2015-09-10</subfield>
    <subfield code="y">AGR</subfield>
  </datafield>
  <datafield tag="952" ind1=" " ind2=" ">
    <subfield code="0">0</subfield>
    <subfield code="1">0</subfield>
    <subfield code="2">ddc</subfield>
    <subfield code="4">0</subfield>
    <subfield code="6">AGR_&#x1798;&#x17B6;&#x1793;_1995_000000000000000_B013_OR_7</subfield>
    <subfield code="7">0</subfield>
    <subfield code="9">932</subfield>
    <subfield code="a">LBB</subfield>
    <subfield code="b">LBB</subfield>
    <subfield code="c">B013</subfield>
    <subfield code="d">2015-09-10</subfield>
    <subfield code="o">AGR &#x1798;&#x17B6;&#x1793; 1995 B013 Or.7</subfield>
    <subfield code="p">RUA003330</subfield>
    <subfield code="r">2015-09-10</subfield>
    <subfield code="w">2015-09-10</subfield>
    <subfield code="y">AGR</subfield>
  </datafield>
  <datafield tag="952" ind1=" " ind2=" ">
    <subfield code="0">0</subfield>
    <subfield code="1">0</subfield>
    <subfield code="2">ddc</subfield>
    <subfield code="4">0</subfield>
    <subfield code="6">AGR_&#x1798;&#x17B6;&#x1793;_1995_000000000000000_B013_OR_8</subfield>
    <subfield code="7">0</subfield>
    <subfield code="9">933</subfield>
    <subfield code="a">LBB</subfield>
    <subfield code="b">LBB</subfield>
    <subfield code="c">B013</subfield>
    <subfield code="d">2015-09-10</subfield>
    <subfield code="l">1</subfield>
    <subfield code="m">1</subfield>
    <subfield code="o">AGR &#x1798;&#x17B6;&#x1793; 1995 B013 Or.8</subfield>
    <subfield code="p">RUA003258</subfield>
    <subfield code="r">2019-01-23</subfield>
    <subfield code="s">2018-12-06</subfield>
    <subfield code="w">2015-09-10</subfield>
    <subfield code="y">AGR</subfield>
  </datafield>
  <datafield tag="952" ind1=" " ind2=" ">
    <subfield code="0">0</subfield>
    <subfield code="1">0</subfield>
    <subfield code="2">ddc</subfield>
    <subfield code="4">0</subfield>
    <subfield code="6">AGR_&#x1798;&#x17B6;&#x1793;_1995_000000000000000_B013_OR_9</subfield>
    <subfield code="7">0</subfield>
    <subfield code="9">36362</subfield>
    <subfield code="a">LBB</subfield>
    <subfield code="b">LBB</subfield>
    <subfield code="d">2016-01-26</subfield>
    <subfield code="o">AGR &#x1798;&#x17B6;&#x1793; 1995 B013 Or.9</subfield>
    <subfield code="p">RUA043572</subfield>
    <subfield code="r">2016-01-26</subfield>
    <subfield code="w">2016-01-26</subfield>
    <subfield code="y">AGR</subfield>
  </datafield>
</record>
